000 00998cam a22002771i 4500
003 SA-RiAUC
005 20250121065524.0
008 250119s1990 su g 000 0cara c
040 _aSA-MaUQU
_bara
_cSA-RiAUC
_erda
082 0 4 _a922.1
_qSA-RiAUC
090 _a922.1
_bب د ر
100 1 _aالبدراني، فهد
_eمؤلف.
245 1 0 _aعلماؤنا /
_cإعداد فهد البدراني، فهد البراك.
250 _aالطبعة الأولى.
264 1 _aالرياض :
_bمؤسسة الجريسي،
_c[1990]
300 _a53 صفحة ؛
_c20 سم
336 _aنص
_btxt
_2rdacontent
_3كتاب
337 _aبدون وسيط
_bn
_2rdamedia
338 _aمجلد
_bnc
_2rdacarrier
650 7 _aالعلماء المسلمون
_vتراجم
_2aucsh
650 7 _aالمسلمون
_vتراجم
_2aucsh
650 7 _aالإسلام
_vتراجم
_2aucsh
700 1 _aالبراك، فهد
_eمؤلف.
942 _2ddc
_cBOOK
_n0
949 _aSA-JeALM
_d250119
_umohamedma123
_n1
999 _c5049
_d5049